Statistics for Cameroon Football Team World Cup Starting XI

Click here to take the quiz!

General Stats

  • This quiz has been taken 397 times
    (271 since last reset)
  • The average score is 11 of 65

Answer Stats

Player% Correct
Samuel Eto'o
91%
Elie Onana
70%
Vincent Aboubakar
70%
Eric Maxim Choupo-Moting
66%
Alex Song
57%
Rigobert Song
57%
Andre-Frank Zambo Anguissa
48%
Joël Matip
47%
Roger Milla
40%
Karl Toko Ekambi
39%
Benoît Assou-Ekotto
37%
Nicolas Nkoulou
30%
Bryan Mbeumo
25%
Jean-Charles Castelletto
21%
Marc-Vivien Foé
20%
Pierre Kunde
16%
Aurélien Chedjou
15%
Benjamin Moukandjo
15%
Devis Epassy
15%
Emmanuel Kundé
15%
Charles Itandje
14%
Collins Fai
14%
Ephrem M'Bom
14%
François Omam-Biyik
14%
Geremi
14%
Jean Makoun
14%
Lauren
14%
Nouhou Tolo
14%
Stéphane Mbia
14%
André Kana-Biyik
13%
Patrick M'Boma
13%
Patrick M'Boma
13%
Pierre Webó
13%
Jacques Songo'o
12%
Pierre Womé
12%
Sébastien Bassong
10%
Thomas N'Kono
10%
Martin Hongla
9%
Eyong Enoh
8%
Joseph-Antoine Bell
8%
Raymond Kalla
8%
Salomon Olembé
8%
Cyrille Makanaky
7%
Souleymanou Hamidou
5%
Stephen Tataw
5%
Théophile Abega
5%
Alioum Boukar
4%
Bertin Ebwellé
4%
Bill Tchato
4%
Émile Mbouh
4%
Joseph N'Do
4%
Pierre Njanka
4%
David Embé
3%
Didier Angibeaud
3%
Emmanuel Maboang
3%
Grégoire M'Bida
3%
Hans Agbo
3%
Ibrahim Aoudou
3%
Jacques N'Guea
3%
Louis-Paul M'Fédé
3%
Michel Kaham
3%
René N'Djeya
3%
Samuel Ipoua
3%
Thomas Libiih
3%
Victor N'Dip
3%

Score Distribution

Percentile by Number Answered

Percent of People with Each Score

Your Score History

You have not taken this quiz since the last reset